000 00679nam a2200169Ia 4500
008 110201s9999 xx 000 0 und d
082 _bB5152
_aP 78
100 _aसावंत वसंत
245 _aमाझ्या दारातले सोनचाफ्याचे दार
260 _bपॉप्युलर प्रकाशन
365 _b60
600 _aसावंत वसंत
630 _aमाझ्या दारातले सोनचाफ्याचे दार
700 _aसावंत वसंत
730 _aमाझ्या दारातले सोनचाफ्याचे दार
942 _cBOOK
999 _c831144
_d831141